Derecho Notarial Teora̕ - Prc̀tica - Legislacin̤ Fiscal /

Detalles Bibliográficos
Autor principal: Rodrg̕uez Carpio, Benjamn̕
Formato: eBook
Lenguaje:español
Publicado: Santo Domingo: Gaceta Judicial, 2011
Edición:2da. Edicin̤
Materias:
Acceso en línea:Acceso restringido

MARC

LEADER 00000nam a22000007a 4500
005 20201023130026.0
007 cr|||| ||||
008 201023s2011 do |||||s|||| 00||0 spa d
020 |a 978-9945-8715-6-2 
035 |a 32100 
040 |a vLex 
090 |c 10788  |d 10788 
100 1 |a Rodrg̕uez Carpio, Benjamn̕ 
245 1 0 |a Derecho Notarial  |h [Recurso electrn̤ico] :  |b Teora̕ - Prc̀tica - Legislacin̤ Fiscal /  |c Benjamn̕ Rodrg̕uez Carpio 
250 |a 2da. Edicin̤ 
256 |a Servicio en ln̕ea 
260 |a Santo Domingo:  |b Gaceta Judicial,  |c 2011 
300 |a 1 recurso electrn̤ico 
500 |a Presentada en un formato atractivo y de fc̀il lectura, esta obra es bs̀icamente un estudio de la Ley del Notariado, No. 301 de 1964, en el que su autor procura resaltar aquellos aspectos de mayor interš sobre el ejercicio notarial en el medio jurd̕ico dominicano. A fin de satisfacer las necesidades acadm̌icas y de consulta de abogados, estudiantes y aspirantes a notarios, se citan algunas leyes que se relacionan con cada artc̕ulo de la Ley del Notariado; se incluyen citas doctrinales y jurisprudenciales, as ̕como 23 formularios usuales para la redaccin̤ de actos autňticos, tales como: “Acto de pb︢lica notoriedad para fines de determinacin̤ de herederos”, “Acto de estipulaciones y convenciones para divorcio por mutuo consentimiento”, “Doble Factura de Inscripcin̤ Hipotecaria”, “Acto de venta de derechos sucesorales sobre terrenos registrados”, “Acto de donacin̤ entre vivos”, “Consentimiento de los padres o abuelos para un menor contraer matrimonio”, entre otros. 
506 1 |a Disponible solo en los productos indicados  |d vLex Global  |d vLex Global (Academic Edition, excluding Law Schools)  |d vLex Global (U.S. Academic Edition, Law Schools)  |d vLex Global (U.S. Academic Edition, excluding Law Schools)  |d vLex Global (Academic Edition, Law Schools) 
650 0 4 |a Resoluciones DG de los Registros y del Notariado  |z Repb︢lica Dominicana 
740 0 |a vLex Libros (Servicio en ln̕ea) 
856 4 0 |u http://vlex.com/source/derecho-notarial-teoria-practica-legislacion-fiscal-2da-edicion-32100  |z Acceso restringido 
942 |c BOOK 
999 0 |a DG Resolutions of Registries and Notaries